Science - Biology | 2 | 4 | 3 | 1 | 55 | 64 | 89.83 | 5 | 6 |
Philosophy | 0 | 4 | 1 | 1 | 35 | 65 | 102.75 | 1 | 4 |
Science - Physics | 0 | 4 | 1 | 1 | 35 | 85 | 95.75 | 2 | 4 |
Other Science: Math | 0 | 3 | 0 | 1 | 30 | 99 | 122.00 | 0 | 3 |
Chemistry> | 0 | 2 | 0 | 1 | 20 | 90 | 109.00 | 1 | 2 |
| 0 | 2 | 0 | 1 | 20 | 127 | 128.00 | 1 | 2 |
Other Science: Astronomy | 0 | 2 | 0 | 1 | 20 | 76 | 90.00 | 2 | 2 |
Science - Chemistry | 0 | 2 | 2 | 1 | 10 | 59 | 85.50 | 1 | 2 |
Other Science: Computer Science | 0 | 1 | 0 | 1 | 10 | 134 | 134.00 | 0 | 1 |
Fine Arts - Auditory Fine Arts | 0 | 1 | 0 | 1 | 10 | 136 | 136.00 | 0 | 1 |
Fine Arts - Visual Fine Arts | 0 | 1 | 0 | 1 | 10 | 140 | 140.00 | 0 | 1 |
Literature - British Literature | 0 | 1 | 0 | 0 | 10 | 93 | 93.00 | 1 | 1 |
Other Academic | 0 | 1 | 0 | 1 | 10 | 136 | 136.00 | 0 | 1 |
Other Arts: Auditory | 0 | 1 | 0 | 0 | 10 | 115 | 115.00 | 0 | 1 |
Beliefs | 0 | 1 | 0 | 1 | 10 | 150 | 150.00 | 0 | 1 |
Other Science: Earth Science | 0 | 0 | 0 | 0 | 0 | | 0.00 | 0 | 0 |
Social Science | 0 | 0 | 1 | 0 | -5 | | 0.00 | 0 | 0 |